Представление документа в формате RUSMARC

ПолеНазваниеЗначение
  Тип записи a
  Библиографический уровень m
001 Контрольный номер 86570b71443d420cb6758e18541d7e55
005 Дата корректировки 20140709044654.3
010 Индекс ISBN __
a ISBN 5-9512-0290-6
101 Язык документа 0_
a Язык текста rus
102 Страна публикации __
a Страна публикации RU
200 Заглавие и сведения об ответственности 1_
a Заглавие Управление внешнеэкономической деятельностью
e Сведения, относящиеся к заглавию пособие для подготовки в экзаменам
f Первые сведения об ответственности О.Г. Абакуиова
210 Выходные данные 1_
a Место издания М.
c Издательство Приор-издат
d Дата издания 2006
215 Физическое описание __
a Объем 160 с.
225 Серия 2_
a Серия Конспект лекций
610 Ключевые слова 0_
a Ключевые слова классификация внешнеторговых операций
a Ключевые слова товарные биржи
a Ключевые слова аукционная торговля
a Ключевые слова франчайзинг
a Ключевые слова факторинг
a Ключевые слова форфейтинг
686 Индексы других классификаций __
a Классификационный индекс 65.298
2 Код системы rubbk
700 Автор _1
a Фамилия Абакумова
b Имя О.Г.
g Полное личное имя О.Г.
801 Источник записи _0
a Страна RU
b Организация РУК
g Правила каталогизации PSBO
801 Источник записи _1
a Страна RU
b Организация РУК
g Правила каталогизации PSBO
852 Данные о местонахождении __
i Авторский знак А 132
j Шифр хранения ББК 65.298
901 Тип документа __
t Тип документа m
937 Технологическая информация __
a Создатель записи (имя) Лобан
938 Служебная информация __
a Название организации Дальневосточный филиал
952 Тип литературы __
c Вид литературы учебное пособие